| 000 | 00775nam a2200229 a 4500 | ||
|---|---|---|---|
| 001 | 49 | ||
| 003 | BD-RjUL | ||
| 005 | 20211208233112.0 | ||
| 008 | 160321s1970 bg ||| |||| 000 p ben d | ||
| 020 | _cPRs. 4.50 | ||
| 035 | _a(BD-RjUL)54 | ||
| 040 |
_aBD-RjUL _bben _cBD-RjUL |
||
| 041 | _aben | ||
| 082 | 0 | 4 |
_223 _a891.441 _bISB 1970 |
| 100 |
_aইসলাম, মযহারুল _9157 |
||
| 245 | 1 | 0 |
_aবিচ্ছিন্ন প্রতিলিপি / _cমযহারুল ইসলাম. |
| 260 |
_aঢাকা : _bপাকিস্তান বুক কর্পোরেশন, _c১৯৭০. |
||
| 300 |
_a৯৬ পৃ.; _c১৮ সেমি. |
||
| 650 | 0 |
_aবাংলা কবিতা _9158 |
|
| 650 | 0 |
_aBengali poetry _9120048 |
|
| 942 |
_2ddc _cBK |
||
| 999 |
_c49 _d49 |
||